000 00354nam a2200145Ia 4500
008 150201s2000 xx 000 0 und d
082 _a618.92
_bR00G
100 _aGUPTE, S.
245 _aRECENT ADVANCES IN PEDIATRIC : HEMATOLOGY
250 _a1ST
260 _bJAYPEE BROTHERS
_aDELHI
_c2000
300 _a1-357
650 _aPAEDIATRICS
942 _2ddc
_cBK
999 _c70
_d70